B49_東京から見て東南東にある市区町村 - Statistics

General Stats
  • This quiz has been taken 8 times
  • The average score is 11 of 14
Answer Stats
東京
からの
方位角
東京
からの
距離
都道府県 種類 市区町村名 % Correct
112.6 6.7 東京都 特別区 中央区
100%
102.7 10.6 東京都 特別区 江東区
100%
104.6 69.0 千葉県 九十九里町
100%
104.7 37.7 千葉県 千葉市
88%
120.1 43.2 千葉県 市原市
88%
121.4 55.7 千葉県 長柄町
88%
108.7 59.1 千葉県 大網白里市
88%
103.8 18.5 千葉県 浦安市
75%
118.9 60.6 千葉県 茂原市
75%
103.7 61.8 千葉県 東金市
75%
117.7 66.8 千葉県 長生村
75%
123.3 67.0 千葉県 睦沢町
63%
113.4 66.4 千葉県 白子町
50%
120.4 70.1 千葉県 一宮町
50%
No matching quizzes found
Score Distribution
Percent of People with Each Score
Percentile by Number Answered
Your Score History
You have not taken this quiz